000 00543nam a2200193Ia 4500
008 131103s9999 xx 000 0 und d
020 _a8174390200
_cRs.65
040 _aLoreto College
041 _aEnglish
082 _aREF/PER
_bLCBED/12204
100 _aPerkins, Christine N.
245 _a100 authors
_b who shaped world history
_cChristine N. Perkins
260 _aNew delhi
_bGemini books
_c1997
300 _a112p.
_b ill., pic.
_c 22cm.
504 _aIncludes index
650 _aHistory
850 _aLCBED/REF/PER
942 _cBK
999 _c33804
_d84283